000 00397nam a22001457a 4500
005 20180811124152.0
020 _c00.00
035 _aA-759512, A-759514
037 _aDPL
_bENG
100 _aSeshadri, T R
245 _aCurative powers of the holy Gita /
_cby T R Seshadri
260 _aHyderabad
_bTanikellas
_c1995
300 _a228p.
_c18 cms.
942 _2ddc
_cEN
_h181.45
_mSES
999 _c64077
_d64077